Football Clubs by Players - Statistics

General Stats
  • This quiz has been taken 76 times
    34 since last reset
  • The average score is 19 of 20
Answer Stats
Picture Hint Answer % Correct
Enzo Fernández Chelsea FC
100%
Robert Lewandowski FC Barcelona
100%
Harry Kane FC Bayern Munich
100%
Lautaro Martínez FC Internazionale Milano
100%
Lionel Messi Inter Miami CF
100%
Erling Haaland Manchester City
100%
Casemiro Manchester United
100%
Kylian Mbappé Paris Saint-Germain
100%
Jude Bellingham Real Madrid
100%
Victor Osimhen SSC Napoli
100%
Son Heung-min Tottenham Hotspur
100%
Olivier Giroud AC Milan
97%
Bukayo Saka Arsenal FC
97%
Virgil van Dijk Liverpool FC
97%
Sergio Ramos Sevilla FC
97%
Ángel Di María SL Benfica
97%
Antoine Griezmann Atlético Madrid
94%
Cristiano Ronaldo Al Nassr FC
87%
Neymar Al Hilal FC
84%
Karim Benzema Al Ittihad FC
77%
No matching quizzes found
Score Distribution
Percent of People with Each Score
Percentile by Number Answered
Your Score History
You have not taken this quiz since the last reset